Education and social change (Record no. 204)
[ view plain ]
| 000 -LEADER | |
|---|---|
| fixed length control field | 00541nam a22001937a 4500 |
| 003 - CONTROL NUMBER IDENTIFIER | |
| control field | OSt |
| 005 - DATE AND TIME OF LATEST TRANSACTION | |
| control field | 20140714192704.0 |
| 008 - FIXED-LENGTH DATA ELEMENTS--GENERAL INFORMATION | |
| fixed length control field | 140714b xxu||||| |||| 00| 0 eng d |
| 020 ## - INTERNATIONAL STANDARD BOOK NUMBER | |
| International Standard Book Number | 0335200680 |
| 040 ## - CATALOGING SOURCE | |
| Transcribing agency | DNLM |
| 082 ## - DEWEY DECIMAL CLASSIFICATION NUMBER | |
| Edition number | 22nd ed |
| Classification number | 306.43 COF 2009 |
| 100 ## - MAIN ENTRY--PERSONAL NAME | |
| Personal name | Coffey, Amanda |
| 9 (RLIN) | 526 |
| 245 ## - TITLE STATEMENT | |
| Title | Education and social change |
| 260 ## - PUBLICATION, DISTRIBUTION, ETC. (IMPRINT) | |
| Place of publication, distribution, etc. | Open University press |
| Name of publisher, distributor, etc. | Open University press |
| Date of publication, distribution, etc. | 2009 |
| 300 ## - PHYSICAL DESCRIPTION | |
| Extent | 142p; |
| Other physical details | ill |
| Dimensions | 22cm |
| 504 ## - BIBLIOGRAPHY, ETC. NOTE | |
| Bibliography, etc | References, & index included. |
| 650 ## - SUBJECT ADDED ENTRY--TOPICAL TERM | |
| Topical term or geographic name as entry element | Sociology and social change |
| 9 (RLIN) | 527 |
| 942 ## - ADDED ENTRY ELEMENTS (KOHA) | |
| Source of classification or shelving scheme | Dewey Decimal Classification |
| Koha item type | Book Bank |
| Withdrawn status | Lost status | Source of classification or shelving scheme | Damaged status | Not for loan | Home library | Current library | Date acquired | Source of acquisition | Inventory number | Total Checkouts | Full call number | Barcode | Date last seen | Koha item type |
|---|---|---|---|---|---|---|---|---|---|---|---|---|---|---|
| Other/Generic Classification Scheme | MUST Main Library | MUST Main Library | 14/07/2014 | Purchase | 12/36701 | 306.43 COF 2009 | 2014-0747 | 14/07/2014 | Open Shelf | |||||
| Other/Generic Classification Scheme | MUST Main Library | MUST Main Library | 14/07/2014 | Purchase | 12/36702 | 306.43 COF 2009 | 2014-0748 | 14/07/2014 | Open Shelf | |||||
| Other/Generic Classification Scheme | MUST Main Library | MUST Main Library | 14/07/2014 | Purchase | 12/36703 | 306.43 COF 2009 | 2014-0749 | 14/07/2014 | Open Shelf | |||||
| Other/Generic Classification Scheme | MUST Main Library | MUST Main Library | 14/07/2014 | Purchase | 12/36704 | 306.43 COF 2009 | 2014-0750 | 14/07/2014 | Open Shelf | |||||
| Other/Generic Classification Scheme | MUST Main Library | MUST Main Library | 14/07/2014 | Purchase | 12/36705 | 306.43 COF 2009 | 2014-0751 | 14/07/2014 | Open Shelf | |||||
| Other/Generic Classification Scheme | MUST Main Library | MUST Main Library | 14/07/2014 | Purchase | 12/36706 | 306.43 COF 2009 | 2014-0752 | 14/07/2014 | Open Shelf |
